[Event "European Youth Chess Championship G16"]
[Site "Prague, Top Hotel Prague"]
[Date "2016.08.18"]
[Round "1.29"]
[White "Egyed, Judit"]
[Black "Tomcikova, Zuzana"]
[Result "1-0"]
[WhiteElo "1979"]
[BlackElo "1654"]
[PlyCount "87"]
[EventDate "2016.08.18"]

1. e4 c6 2. d4 d5 3. Nc3 dxe4 4. Nxe4 Bf5 5. Ng3 Bg6 6. h4 h6 7. h5 Bh7 8. Nf3
Nf6 9. Bd3 Bxd3 10. Qxd3 e6 11. Bd2 Nbd7 12. O-O-O Qc7 13. Kb1 O-O-O 14. c4 c5
15. Qe2 Kb8 16. Ne5 Nxe5 17. dxe5 Nd7 18. Bc3 Be7 19. f4 Nb6 20. b3 Qc6 21. Ne4
Ka8 22. g4 Rhf8 23. Kb2 Nd7 24. Rhe1 Qc7 25. Qe3 Nb8 26. Nd6 a6 27. Rd3 f6 28.
Red1 b6 29. Ne4 Nd7 30. Qd2 Nb8 31. Qe3 Nd7 32. exf6 gxf6 33. Ng3 Qc6 34. Qe4
Nb8 35. Rxd8 Rxd8 36. Rxd8 Bxd8 37. Qxc6+ Nxc6 38. Ne4 e5 39. f5 Be7 40. Bd2
Bf8 41. Nxf6 Bg7 42. Nd7 Kb7 43. f6 Bh8 44. f7 1-0

[Event "European Youth Chess Championship G16"]
[Site "Prague, Top Hotel Prague"]
[Date "2016.08.18"]
[Round "1.30"]
[White "Daliga, Anita"]
[Black "Leser, Katrin"]
[Result "0-1"]
[WhiteElo "1638"]
[BlackElo "1979"]
[PlyCount "88"]
[EventDate "2016.08.18"]

1. e4 e6 2. d4 d5 3. exd5 exd5 4. Bd3 Bd6 5. Ne2 Nc6 6. c3 Nge7 7. Bf4 Bg4 8.
Bxd6 Qxd6 9. O-O O-O-O 10. Nd2 h5 11. b4 Bf5 12. Nb3 Qg6 13. Bxf5+ Nxf5 14. Qd3
Nfxd4 15. Qh3+ Ne6 16. b5 Ne5 17. Nf4 Qg4 18. Qxg4 Nxg4 19. Nxe6 fxe6 20. Rfe1
Rhe8 21. Re2 e5 22. f3 Nf6 23. Rae1 e4 24. Nd2 exf3 25. Rxe8 Rxe8 26. Rxe8+
Nxe8 27. Nxf3 Nd6 28. Nd4 Kd7 29. g3 Ne4 30. Ne2 Kd6 31. Nf4 Nf6 32. Kf1 g5 33.
Ne2 Kc5 34. Ke1 Kxb5 35. Kd2 Kc4 36. Kc2 h4 37. gxh4 gxh4 38. h3 Ne4 39. Kb2
Nf2 40. Nf4 Nd3+ 41. Nxd3 Kxd3 42. Kb3 c5 43. a3 d4 44. c4 Ke2 0-1

[Event "European Youth Chess Championship G16"]
[Site "Prague, Top Hotel Prague"]
[Date "2016.08.18"]
[Round "1.31"]
[White "Grigoryan, Arpine"]
[Black "Tomic, Jelena"]
[Result "1-0"]
[WhiteElo "1964"]
[BlackElo "1631"]
[PlyCount "67"]
[EventDate "2016.08.18"]

1. e4 d5 2. exd5 Qxd5 3. Nc3 Qa5 4. d4 Nf6 5. Nf3 c6 6. h3 Bf5 7. Bd2 Nbd7 8.
Bc4 e6 9. Qe2 Qc7 10. g4 Bg6 11. O-O-O O-O-O 12. Ne5 Nxe5 13. dxe5 Nd5 14. f4
Nxc3 15. Bxc3 Bc5 16. Qf3 h6 17. f5 exf5 18. gxf5 Bh7 19. e6 f6 20. Rde1 Qe7
21. Qg4 Rd6 22. Bd3 Rhd8 23. Qc4 Rd5 24. Be4 b5 25. Qe2 R5d6 26. Ba5 Bb6 27.
Bxb6 axb6 28. Qf3 Kc7 29. Rhg1 Rg8 30. Re3 g6 31. fxg6 Rxe6 32. Qf4+ Kb7 33.
Rge1 Bxg6 34. Bxc6+ 1-0

[Event "European Youth Chess Championship G16"]
[Site "Prague, Top Hotel Prague"]
[Date "2016.08.18"]
[Round "1.32"]
[White "Ahmadova, Irada"]
[Black "Khristenko, Anna"]
[Result "0-1"]
[WhiteElo "1627"]
[BlackElo "1957"]
[PlyCount "90"]
[EventDate "2016.08.18"]

1. e4 c5 2. Nf3 e6 3. d4 cxd4 4. Nxd4 a6 5. Nc3 Qc7 6. Bd3 Nf6 7. O-O b5 8. f4
Bc5 9. Be3 Qb6 10. Nce2 Bb7 11. e5 Ng4 12. Qd2 Nc6 13. c3 Nxd4 14. Nxd4 Nxe3
15. Qxe3 g6 16. Be4 Bxe4 17. Qxe4 Rc8 18. Kh1 Bxd4 19. cxd4 O-O 20. Rac1 d5 21.
Qe3 Rc4 22. Rxc4 bxc4 23. Qc3 Rb8 24. Rb1 a5 25. b3 Qb4 26. Rc1 Qxc3 27. Rxc3
a4 28. g3 axb3 29. axb3 Rxb3 30. Rc2 Rd3 31. Kg2 Rxd4 32. Kf2 Rd3 33. Ke2 Rb3
34. Kd2 Kg7 35. Ke2 h5 36. Kf2 Ra3 37. Kg2 Ra4 38. Kf2 d4 39. Kf3 d3 40. Rc3
Ra1 41. Ke3 Re1+ 42. Kd2 Re4 43. Rc1 h4 44. Rc3 hxg3 45. hxg3 g5 0-1

[Event "European Youth Chess Championship G16"]
[Site "Prague, Top Hotel Prague"]
[Date "2016.08.18"]
[Round "1.33"]
[White "Vrtiakova, Anna"]
[Black "Buchta, Agnieszka"]
[Result "1-0"]
[WhiteElo "1952"]
[BlackElo "1599"]
[PlyCount "57"]
[EventDate "2016.08.18"]

1. e4 e6 2. d4 d5 3. Nc3 Bb4 4. e5 c5 5. a3 Bxc3+ 6. bxc3 Qc7 7. Nf3 b6 8. Bd3
Ba6 9. O-O Bxd3 10. Qxd3 Ne7 11. a4 Nd7 12. Ba3 Rc8 13. Rfc1 h6 14. Nd2 Nc6 15.
f4 Ne7 16. g4 cxd4 17. cxd4 Qc3 18. Qxc3 Rxc3 19. Bb4 Rc6 20. c4 Nb8 21. a5
bxa5 22. Rxa5 a6 23. Bd6 Kd7 24. Rb1 Rcc8 25. Rb7+ Kd8 26. Bxe7+ Ke8 27. Bc5
Nc6 28. Rxa6 Rg8 29. Rxc6 1-0

[Event "European Youth Chess Championship G16"]
[Site "Prague, Top Hotel Prague"]
[Date "2016.08.18"]
[Round "1.34"]
[White "Litvjakova, Darija"]
[Black "Nilssen, Ellen Fredericia"]
[Result "0-1"]
[WhiteElo "1597"]
[BlackElo "1947"]
[PlyCount "112"]
[EventDate "2016.08.18"]

1. e4 e6 2. d4 d5 3. e5 c5 4. c3 Nc6 5. Nf3 Bd7 6. Be2 cxd4 7. cxd4 Nge7 8. Nc3
Nf5 9. Be3 Be7 10. Qd2 Rc8 11. O-O O-O 12. Rac1 f6 13. Bf4 Qb6 14. Rfd1 fxe5
15. Bxe5 Nh4 16. Bg3 Nxf3+ 17. Bxf3 Bf6 18. Ne2 Nxd4 19. Nxd4 Rxc1 20. Rxc1
Qxd4 21. Qxd4 Bxd4 22. Rc2 Rc8 23. Rxc8+ Bxc8 24. b3 Bd7 25. Bg4 Kf7 26. Kf1
Bb5+ 27. Ke1 Bd3 28. Kd2 Bb1 29. a4 Kf6 30. Be2 Be5 31. f4 Bd6 32. Bg4 Bf5 33.
Bf3 Bb4+ 34. Kc1 h6 35. Bf2 a6 36. Bd4+ Kf7 37. g3 Be7 38. Kd2 Bf6 39. Kc3 Ke7
40. g4 Bg6 41. f5 Bf7 42. Bxf6+ Kxf6 43. fxe6 Bxe6 44. Kd4 Kg5 45. h3 Kh4 46.
Bg2 Kg3 47. Bf1 Bf7 48. b4 g5 49. Kc5 Kf2 50. Bd3 Ke3 51. Bf5 d4 52. Kd6 d3 53.
Ke5 Bb3 54. Bxd3 Kxd3 55. a5 Kc3 56. Kf5 Bd5 0-1

[Event "European Youth Chess Championship G16"]
[Site "Prague, Top Hotel Prague"]
[Date "2016.08.18"]
[Round "1.35"]
[White "Pasoglou, Ekaterini"]
[Black "Garcia, Megan Alyssa"]
[Result "1-0"]
[WhiteElo "1938"]
[BlackElo "1592"]
[PlyCount "83"]
[EventDate "2016.08.18"]

1. Nf3 Nf6 2. d4 d5 3. e3 e6 4. Bd3 Bd6 5. b3 O-O 6. Bb2 c5 7. Nbd2 cxd4 8.
exd4 Nc6 9. a3 a5 10. O-O h6 11. Re1 Nd7 12. c4 b6 13. cxd5 exd5 14. Rc1 Ne7
15. Nf1 Nf6 16. Ne5 Ba6 17. Bb1 Bxf1 18. Kxf1 Rc8 19. Qf3 Ne4 20. Bxe4 dxe4 21.
Qxe4 Bxe5 22. dxe5 Qd2 23. Qe2 Qxe2+ 24. Kxe2 Ng6 25. Kf1 Nf4 26. Rcd1 Rcd8 27.
Ba1 Rxd1 28. Rxd1 Rc8 29. g3 Ne6 30. Ke2 Kf8 31. f4 Ke7 32. Ke3 Rc2 33. Rd2
Rxd2 34. Kxd2 Nc5 35. Kc3 Ne4+ 36. Kd3 Nc5+ 37. Kc4 Nd7 38. Bd4 Kd8 39. Kb5 Kc7
40. f5 Kc8 41. e6 fxe6 42. fxe6 1-0

[Event "European Youth Chess Championship G16"]
[Site "Prague, Top Hotel Prague"]
[Date "2016.08.18"]
[Round "1.36"]
[White "Markova, Ralitca"]
[Black "Koridze, Lile"]
[Result "0-1"]
[WhiteElo "1581"]
[BlackElo "1937"]
[PlyCount "68"]
[EventDate "2016.08.18"]

1. e4 c5 2. Nf3 d6 3. d4 cxd4 4. Nxd4 Nf6 5. Nc3 Nc6 6. Bg5 e6 7. Qd2 Be7 8.
O-O-O O-O 9. f3 Qb6 10. Be3 Qc7 11. Ndb5 Qa5 12. Qf2 d5 13. exd5 Nxd5 14. Nxd5
exd5 15. Kb1 Bf5 16. Nd4 Bg6 17. h4 Nxd4 18. Bxd4 Rac8 19. Bc3 Rxc3 20. bxc3
Bf6 21. Qd2 Qa3 22. Qe2 Qxc3 23. Kc1 Be7 24. Rxd5 Ba3+ 25. Kd1 Qa1+ 26. Kd2
Bc1+ 27. Ke1 Be3+ 28. Qd1 Qc3+ 29. Rd2 Rd8 30. Bd3 Bxd3 31. cxd3 Rxd3 32. Qe2
Rxd2 33. Kf1 Rxe2 34. Kxe2 Qd2+ 0-1

[Event "European Youth Chess Championship G16"]
[Site "Prague, Top Hotel Prague"]
[Date "2016.08.18"]
[Round "1.37"]
[White "Stashis, Anna"]
[Black "Nepomnyaschaya, Mariya"]
[Result "1/2-1/2"]
[WhiteElo "1926"]
[BlackElo "1569"]
[PlyCount "109"]
[EventDate "2016.08.18"]

1. e4 c5 2. c3 Nf6 3. e5 Nd5 4. d4 cxd4 5. cxd4 Nc6 6. Nf3 d6 7. Bc4 dxe5 8.
dxe5 Ndb4 9. Qb3 e6 10. O-O Na5 11. Bb5+ Bd7 12. Qa4 Bxb5 13. Qxb5+ Nac6 14.
Nc3 a6 15. Qc4 Qd3 16. Qg4 Qg6 17. Qxg6 hxg6 18. Rd1 Be7 19. a3 Nc2 20. Rb1 Rd8
21. Rxd8+ Bxd8 22. Bf4 N2d4 23. Nxd4 Nxd4 24. Kf1 Bc7 25. Rc1 Nc6 26. Re1 Rh4
27. Bg3 Rd4 28. Ne4 Bxe5 29. Bxe5 Nxe5 30. Nc5 Nc4 31. Nxb7 Nxb2 32. Nc5 a5 33.
Rb1 Rd1+ 34. Rxd1 Nxd1 35. Ke1 Nb2 36. a4 Nc4 37. Ke2 Ke7 38. Kd3 Nb6 39. Kd4
f6 40. Nb7 Nxa4 41. Nxa5 Kd7 42. Nc4 Kc6 43. Nd2 Nc5 44. Ke3 Kd5 45. Nf3 g5 46.
Nd4 f5 47. Nc2 Ke5 48. f3 f4+ 49. Ke2 Nb3 50. Kd3 Nc5+ 51. Kc4 Nb7 52. Nb4 Nd6+
53. Kd3 Nf5 54. Ke2 Kd4 55. Nc6+ 1/2-1/2

[Event "European Youth Chess Championship G16"]
[Site "Prague, Top Hotel Prague"]
[Date "2016.08.18"]
[Round "1.38"]
[White "Zach, Asif"]
[Black "Mirza, Diana"]
[Result "0-1"]
[WhiteElo "1569"]
[BlackElo "1925"]
[PlyCount "58"]
[EventDate "2016.08.18"]

1. e4 c5 2. Nf3 e6 3. d4 cxd4 4. Nxd4 Nc6 5. Nc3 Qc7 6. Be3 a6 7. Qd2 Nf6 8. f3
Bb4 9. O-O-O Ne5 10. g4 b5 11. g5 Nh5 12. Be2 Nc4 13. Bxc4 Qxc4 14. Nb3 O-O 15.
Qd3 Qc7 16. Ne2 d5 17. Ng3 Nf4 18. Qd4 Be7 19. e5 Ng6 20. f4 Bb7 21. h4 Rfc8
22. Qd3 d4 23. Nxd4 Bxh1 24. Rxh1 Qc4 25. Qe4 Bc5 26. h5 Bxd4 27. Bxd4 Nxf4 28.
Rh2 Nd3+ 29. Kb1 Nb4 0-1

[Event "European Youth Chess Championship G16"]
[Site "Prague, Top Hotel Prague"]
[Date "2016.08.18"]
[Round "1.39"]
[White "Limanovska, Elizabete"]
[Black "Novotna, Tereza"]
[Result "0-1"]
[WhiteElo "1924"]
[BlackElo "1566"]
[PlyCount "132"]
[EventDate "2016.08.18"]

1. e4 c5 2. Nf3 Nc6 3. d4 cxd4 4. Nxd4 g6 5. Nc3 Bg7 6. Be3 Nf6 7. Bc4 O-O 8.
Bb3 a5 9. f3 d5 10. exd5 Nb4 11. O-O Nfxd5 12. Nxd5 Nxd5 13. Bf2 Nf4 14. c3 e5
15. Ne2 Qxd1 16. Bxd1 Nd3 17. Bc2 Nxb2 18. Rab1 Nc4 19. Rfd1 Na3 20. Rb2 Nxc2
21. Rxc2 Be6 22. Ng3 f5 23. Rb2 Rfd8 24. Rdb1 Bd5 25. Bb6 Rdc8 26. Rd1 Be6 27.
Ne2 a4 28. Rd6 Kf7 29. Be3 Rc7 30. Bb6 Rd7 31. Rxd7+ Bxd7 32. Bc5 Bc6 33. Rd2
Ra5 34. Bb4 Rd5 35. c4 Rxd2 36. Bxd2 e4 37. Kf2 exf3 38. gxf3 Ke6 39. Kg3 Be5+
40. Kg2 Kf6 41. h4 Ke6 42. Nf4+ Kf7 43. Nd3 Bd4 44. Kg3 Bd7 45. Bf4 Be6 46. Be5
Bxe5+ 47. Nxe5+ Kf6 48. f4 b5 49. cxb5 Bxa2 50. Nd3 Bd5 51. b6 a3 52. Nb4 Bb7
53. Kf2 Ke6 54. Ke3 Kd6 55. Kd4 Be4 56. Kc3 Kc5 57. Nd3+ Kxb6 58. Ne5 Bd5 59.
Nd7+ Kc6 60. Nf6 h5 61. Nh7 Kc5 62. Nf6 a2 63. Kb2 Kd4 64. Nd7 Ke3 65. Ne5 Kxf4
66. Nxg6+ Kg4 0-1

[Event "European Youth Chess Championship G16"]
[Site "Prague, Top Hotel Prague"]
[Date "2016.08.18"]
[Round "1.40"]
[White "Waardenburg, Feline"]
[Black "Greibrokk, Ingrid"]
[Result "1/2-1/2"]
[WhiteElo "1559"]
[BlackElo "1912"]
[PlyCount "61"]
[EventDate "2016.08.18"]

1. c4 e5 2. Nc3 Nc6 3. g3 d6 4. Bg2 g6 5. Nf3 Bg7 6. O-O f5 7. d3 Nf6 8. e3 O-O
9. a3 Kh8 10. Qc2 a5 11. Bd2 Be6 12. Rac1 Bg8 13. Nb5 d5 14. Rfd1 e4 15. dxe4
fxe4 16. Ne1 Ne5 17. cxd5 Nfg4 18. Qxc7 Qf6 19. Bc3 Qxf2+ 20. Kh1 Nxe3 21. h3
Nxd1 22. Bxe5 Rf7 23. Bxg7+ Rxg7 24. Qe5 Qxe1+ 25. Kh2 Qd2 26. Rc7 Qxb2 27. Nd4
Bf7 28. Rxf7 Rag8 29. Rxg7 Rxg7 30. Qe8+ Rg8 31. Qe5+ 1/2-1/2

[Event "European Youth Chess Championship G16"]
[Site "Prague, Top Hotel Prague"]
[Date "2016.08.18"]
[Round "1.41"]
[White "Frej, Zofia"]
[Black "Koljevic, Nikolina"]
[Result "1-0"]
[WhiteElo "1881"]
[BlackElo "1509"]
[PlyCount "65"]
[EventDate "2016.08.18"]

1. d4 d5 2. Nf3 c5 3. e3 Nc6 4. c4 e6 5. Nc3 Nf6 6. a3 a6 7. dxc5 Bxc5 8. b4
Ba7 9. Bb2 O-O 10. Qc2 Qe7 11. Rd1 Rd8 12. Be2 dxc4 13. Rxd8+ Qxd8 14. Bxc4 Bd7
15. O-O Rc8 16. Bd3 h6 17. Rd1 Ne7 18. Qe2 Ned5 19. Nxd5 Nxd5 20. h3 Qc7 21.
Qd2 Ba4 22. Rc1 Rd8 23. Qe2 Bb8 24. g3 Qd7 25. Bb1 Bc7 26. Qc4 Bb5 27. Qc2 f5
28. e4 fxe4 29. Qxe4 g5 30. Qg6+ Kf8 31. Qxh6+ Ke8 32. Bg6+ Ke7 33. Qg7+ 1-0

[Event "European Youth Chess Championship G16"]
[Site "Prague, Top Hotel Prague"]
[Date "2016.08.18"]
[Round "1.42"]
[White "Manitcaia, Alina"]
[Black "Imperor, Amelie"]
[Result "1-0"]
[WhiteElo "1496"]
[BlackElo "1874"]
[PlyCount "85"]
[EventDate "2016.08.18"]

1. d4 Nf6 2. c4 c5 3. d5 e6 4. Nc3 exd5 5. cxd5 d6 6. Nf3 g6 7. g3 Bg7 8. Bg2
O-O 9. O-O Na6 10. Bf4 Nc7 11. Re1 Nh5 12. Bg5 f6 13. Bd2 f5 14. Bg5 Bf6 15.
Bxf6 Nxf6 16. Qd2 b5 17. Ng5 b4 18. Na4 Qe8 19. Nxc5 Rb8 20. Nb3 Ne4 21. Nxe4
fxe4 22. Rad1 Rf5 23. Qc2 e3 24. f4 Nb5 25. Be4 Rb7 26. Bxf5 Bxf5 27. Qc6 Qe4
28. Rf1 Qe7 29. Nd4 Nxd4 30. Rxd4 Rc7 31. Qa4 Rc2 32. Re1 Qc7 33. Rxb4 Bd7 34.
Qb3 Rc1 35. Rxc1 Qxc1+ 36. Kg2 Qd2 37. Qc4 Qe1 38. Kf3 Qh1+ 39. Kxe3 Qg1+ 40.
Kd2 Qxh2 41. Rb8+ Kf7 42. Qc7 Qh3 43. Qxd6 1-0

[Event "European Youth Chess Championship G16"]
[Site "Prague, Top Hotel Prague"]
[Date "2016.08.18"]
[Round "1.43"]
[White "Golub, Nikolina"]
[Black "Karatiken, Seray"]
[Result "1-0"]
[WhiteElo "1870"]
[BlackElo "1489"]
[PlyCount "55"]
[EventDate "2016.08.18"]

1. e4 c5 2. Nf3 d6 3. d4 cxd4 4. Nxd4 Nf6 5. Nc3 a6 6. Be2 e6 7. Be3 Be7 8. O-O
O-O 9. Qd2 Nc6 10. f4 e5 11. Nxc6 bxc6 12. Rad1 Ng4 13. Bxg4 Bxg4 14. Ne2 exf4
15. Rxf4 Be6 16. Nd4 Qc8 17. Qc3 Bf6 18. Rxf6 Bg4 19. Nf5 Bxf5 20. Rxf5 d5 21.
Rdf1 f6 22. e5 Qe6 23. Bc5 Rf7 24. exf6 gxf6 25. Rxf6 Rxf6 26. Rxf6 Qg4 27. Rf3
Qh5 28. Qf6 1-0

[Event "European Youth Chess Championship G16"]
[Site "Prague, Top Hotel Prague"]
[Date "2016.08.18"]
[Round "1.44"]
[White "Smith, Sarah E"]
[Black "Cieslak, Wiktoria"]
[Result "0-1"]
[WhiteElo "1478"]
[BlackElo "1865"]
[PlyCount "74"]
[EventDate "2016.08.18"]

1. f4 d5 2. e3 Nf6 3. Nf3 g6 4. b3 Bg7 5. Bb2 O-O 6. Be2 c5 7. O-O Nc6 8. Ne5
d4 9. Nxc6 bxc6 10. Bf3 Nd5 11. Qe1 Ba6 12. d3 Nxe3 13. Rf2 Rc8 14. Na3 e5 15.
fxe5 Bxe5 16. Re2 Bg7 17. Bc1 Nd5 18. Bd2 h5 19. Qf2 Qd7 20. Rae1 Rfe8 21. Nc4
Bxc4 22. dxc4 Ne3 23. Bxe3 dxe3 24. Qh4 Re6 25. g4 hxg4 26. Bxg4 f5 27. Bh3
Rce8 28. Kf1 Kf7 29. Qg5 Qd4 30. Kg2 Bf6 31. Qh6 Rh8 32. Qxe3 Rxe3 33. Rxe3 Qd6
34. a4 g5 35. Rd3 Qc7 36. Red1 Kg6 37. Rd7 Qe5 0-1

[Event "European Youth Chess Championship G16"]
[Site "Prague, Top Hotel Prague"]
[Date "2016.08.18"]
[Round "1.45"]
[White "Ambrozova, Lucie"]
[Black "Condes, Alexie Sheen"]
[Result "1-0"]
[WhiteElo "1862"]
[BlackElo "1469"]
[PlyCount "33"]
[EventDate "2016.08.18"]

1. e4 e5 2. Nc3 Nf6 3. f4 exf4 4. e5 Ng8 5. Nf3 d6 6. Bc4 Be6 7. Bxe6 fxe6 8.
exd6 Bxd6 9. Qe2 Qe7 10. d4 Nf6 11. O-O O-O 12. Ng5 Re8 13. Bxf4 Nc6 14. Be3
Rad8 15. Rad1 e5 16. Qc4+ Kf8 17. Nxh7# 1-0

[Event "European Youth Chess Championship G16"]
[Site "Prague, Top Hotel Prague"]
[Date "2016.08.18"]
[Round "1.46"]
[White "Smajzrova, Veronika"]
[Black "Scarpa, Silvia"]
[Result "0-1"]
[WhiteElo "1442"]
[BlackElo "1848"]
[PlyCount "138"]
[EventDate "2016.08.18"]

1. e4 c5 2. Nc3 Nc6 3. f4 g6 4. Nf3 Bg7 5. g3 e6 6. Bg2 a6 7. O-O Nge7 8. d3
O-O 9. Ne2 d5 10. c3 Rb8 11. g4 b5 12. Qe1 c4 13. exd5 cxd3 14. dxc6 dxe2 15.
Qxe2 Nxc6 16. Be3 Bd7 17. Rad1 Qc7 18. Rd2 b4 19. Rfd1 Rfd8 20. cxb4 Nxb4 21.
a3 Nd5 22. b4 Nc3 23. Qxa6 Nxd1 24. Rxd1 Bb5 25. Rxd8+ Qxd8 26. Qa7 Qd1+ 27.
Kf2 Re8 28. Qc5 Qe2+ 29. Kg3 Ba6 30. Qb6 Rc8 31. Bc5 e5 32. f5 e4 33. Ng5 Be5+
34. Kh3 Qd3+ 35. Kh4 Bxh2 36. Bf2 h6 37. Nxe4 Bc7 38. Qe3 Bd8+ 39. Kh3 Qxe3+
40. Bxe3 Bb7 41. Bxh6 $11 Bxe4 42. Bxe4 g5 43. f6 Bxf6 44. Kg2 Be7 45. b5 Rb8
46. a4 Rb6 47. Bc6 f6 48. a5 Rb8 49. b6 Bc5 50. Be4 Kf7 51. b7 Ba7 52. Kf3 Rh8
53. Bxg5 fxg5 54. Bf5 Re8 55. Be4 Kf6 56. a6 Re6 57. Bf5 Rxa6 58. Ke4 Rd6 59.
Bc8 Rd4+ 60. Kf3 Rf4+ 61. Kg3 Bb8 62. Kg2 Ke5 63. Bd7 Kd4 64. Bc8 Ke3 65. Bd7
Rf2+ 66. Kg1 Kf3 67. Bc6+ Kg3 68. Bd7 Ba7 69. Be6 Rf6+ 0-1

[Event "European Youth Chess Championship G16"]
[Site "Prague, Top Hotel Prague"]
[Date "2016.08.19"]
[Round "2.1"]
[White "Leser, Katrin"]
[Black "Tsolakidou, Stavroula"]
[Result "0-1"]
[WhiteElo "1979"]
[BlackElo "2363"]
[PlyCount "82"]
[EventDate "2016.08.18"]

1. e4 c5 2. Nf3 d6 3. d4 cxd4 4. Nxd4 Nf6 5. Nc3 a6 6. Be3 e5 7. Nb3 Be7 8. f3
Be6 9. Qd2 O-O 10. O-O-O a5 11. Bb5 Na6 12. Qe2 Qb8 13. g4 Rc8 14. g5 Nh5 15.
Kb1 Rxc3 16. bxc3 Nc7 17. c4 a4 18. Nd2 Qc8 19. Rc1 Nf4 20. Bxf4 exf4 21. h4
Nxb5 22. cxb5 Qc5 23. Qd3 Bf8 24. e5 dxe5 25. Ne4 Qb4+ 26. Ka1 Bc4 27. Qc3 Qxb5
28. Rb1 Qc6 29. h5 Bd5 30. Qxc6 Bxc6 31. h6 Rd8 32. hxg7 Bxg7 33. Rbd1 Rc8 34.
Rh2 Bxe4 35. fxe4 Rc4 36. Re2 Bf8 37. Rd5 Bc5 38. Kb1 Rb4+ 39. Kc1 Be3+ 40.
Rxe3 fxe3 41. Rxe5 Rb1+ 0-1

[Event "European Youth Chess Championship G16"]
[Site "Prague, Top Hotel Prague"]
[Date "2016.08.19"]
[Round "2.2"]
[White "Obolentseva, Alexandra"]
[Black "Egyed, Judit"]
[Result "1-0"]
[WhiteElo "2339"]
[BlackElo "1979"]
[PlyCount "69"]
[EventDate "2016.08.18"]

1. d4 Nf6 2. c4 g6 3. Nc3 Bg7 4. e4 d6 5. Nf3 O-O 6. Be2 e5 7. O-O Nc6 8. d5
Ne7 9. b4 Nh5 10. Re1 f5 11. Ng5 Nf6 12. Bf3 c6 13. dxc6 bxc6 14. exf5 gxf5 15.
b5 e4 16. Be2 d5 17. cxd5 Nfxd5 18. Nxd5 cxd5 19. Ba3 Re8 20. Bc4 dxc4 21. Qh5
h6 22. Rad1 Bd7 23. Qf7+ Kh8 24. Rd6 Ng8 25. Rg6 Re7 26. Bxe7 Qxe7 27. Rxg7
Qxf7 28. Rxf7 hxg5 29. Rxd7 Rc8 30. Rxa7 c3 31. b6 c2 32. Rc7 Rb8 33. b7 Ne7
34. Rxe7 Rd8 35. Rc7 1-0

[Event "European Youth Chess Championship G16"]
[Site "Prague, Top Hotel Prague"]
[Date "2016.08.19"]
[Round "2.3"]
[White "Khristenko, Anna"]
[Black "Dimitrova, Aleksandra"]
[Result "0-1"]
[WhiteElo "1957"]
[BlackElo "2259"]
[PlyCount "76"]
[EventDate "2016.08.18"]

1. d4 Nf6 2. Nf3 e6 3. g3 c5 4. Bg2 cxd4 5. Nxd4 d5 6. O-O e5 7. Nb3 Be6 8. Bg5
Nbd7 9. Nc3 h6 10. Bxf6 Nxf6 11. Qd3 Qd7 12. Rad1 e4 13. Qb5 Qxb5 14. Nxb5 Rc8
15. N5d4 Bd6 16. Nxe6 fxe6 17. c3 g5 18. Nd4 Kf7 19. Nb5 Bc5 20. b4 a6 21. Na3
Ba7 22. Nb1 h5 23. Kh1 h4 24. gxh4 Rxh4 25. f3 Ke7 26. h3 g4 27. fxg4 Nxg4 28.
Rc1 Ne3 29. Rf2 Nf5 30. Rff1 Ng3+ 31. Kh2 Nxe2 32. Rc2 Bb8+ 33. Kh1 Ng3+ 34.
Kg1 Nxf1 35. Kxf1 Ba7 36. Nd2 Rf4+ 37. Ke1 Rf2 38. Bf1 e3 0-1

[Event "European Youth Chess Championship G16"]
[Site "Prague, Top Hotel Prague"]
[Date "2016.08.19"]
[Round "2.4"]
[White "Avramidou, Anastasia"]
[Black "Grigoryan, Arpine"]
[Result "1-0"]
[WhiteElo "2244"]
[BlackElo "1964"]
[PlyCount "65"]
[EventDate "2016.08.18"]

1. d4 Nf6 2. c4 e6 3. Nf3 b6 4. g3 Ba6 5. Nbd2 Bb4 6. Qa4 c5 7. a3 Bxd2+ 8.
Bxd2 cxd4 9. Bg2 Bb7 10. O-O O-O 11. Rfd1 Qc7 12. Bg5 Ne4 13. Bf4 d6 14. Nxd4
e5 15. Nb5 Qe7 16. Bd2 Nd7 17. Qc2 a6 18. Bxe4 Bxe4 19. Qxe4 axb5 20. cxb5 Nc5
21. Qd5 Qe6 22. Be3 Rfd8 23. Rac1 Qg4 24. b4 Na4 25. Rc7 Qf5 26. Qb3 e4 27. Qd5
Qxd5 28. Rxd5 Kf8 29. Bf4 Rac8 30. Rxd6 Ke8 31. Rxd8+ Rxd8 32. Be5 f6 33. Bf4
1-0

[Event "European Youth Chess Championship G16"]
[Site "Prague, Top Hotel Prague"]
[Date "2016.08.19"]
[Round "2.5"]
[White "Nilssen, Ellen Fredericia"]
[Black "Garcia, Martin Marta"]
[Result "0-1"]
[WhiteElo "1947"]
[BlackElo "2229"]
[PlyCount "50"]
[EventDate "2016.08.18"]

1. d4 Nf6 2. c4 e6 3. Nc3 Bb4 4. e3 O-O 5. Bd3 c5 6. a3 Bxc3+ 7. bxc3 Nc6 8.
Nf3 d6 9. O-O e5 10. d5 Na5 11. e4 h6 12. h3 b6 13. Be3 Nd7 14. Nd2 Re8 15. Nb3
Nxb3 16. Qxb3 Nf8 17. Rae1 Ng6 18. Qc2 Nf4 19. Qd2 Qg5 20. Bxf4 exf4 21. Kh2
Re5 22. Qe2 Qh4 23. f3 Rg5 24. Qf2 Rg3 25. Rh1 Rxh3+ 0-1

[Event "European Youth Chess Championship G16"]
[Site "Prague, Top Hotel Prague"]
[Date "2016.08.19"]
[Round "2.6"]
[White "Sieber, Fiona"]
[Black "Vrtiakova, Anna"]
[Result "1-0"]
[WhiteElo "2173"]
[BlackElo "1952"]
[PlyCount "103"]
[EventDate "2016.08.18"]

1. e4 c5 2. Nf3 d6 3. d4 cxd4 4. Nxd4 Nf6 5. Nc3 a6 6. Nb3 e5 7. Bg5 Be6 8.
Bxf6 Qxf6 9. Qd2 Nc6 10. O-O-O Qd8 11. g3 Rc8 12. Nd5 g6 13. Kb1 Bg7 14. Nc1
O-O 15. Ne3 Qb6 16. Nc4 Bxc4 17. Bxc4 Nd4 18. Bb3 Rfd8 19. c3 Nxb3 20. Nxb3 a5
21. Nc1 Rc5 22. Qe3 Qc7 23. Rd5 Rxd5 24. exd5 f5 25. Ne2 b5 26. Qd3 Qb6 27. Rf1
Rc8 28. h3 Qc5 29. g4 f4 30. Nc1 Bf6 31. Nb3 Qb6 32. Nd2 Be7 33. Ne4 Rc4 34. b3
Rc8 35. Rc1 a4 36. b4 Rc4 37. Rc2 Kg7 38. a3 Bd8 39. Re2 Be7 40. Kb2 Bd8 41. g5
Rc8 42. h4 Be7 43. h5 Qb7 44. Re1 Rf8 45. Rc1 Rc8 46. Ka1 Qb8 47. Qh3 Rh8 48.
h6+ Kf8 49. Qe6 Qc7 50. c4 bxc4 51. Kb2 Ke8 52. Rxc4 1-0

[Event "European Youth Chess Championship G16"]
[Site "Prague, Top Hotel Prague"]
[Date "2016.08.19"]
[Round "2.7"]
[White "Koridze, Lile"]
[Black "Milovanova, Maria"]
[Result "1-0"]
[WhiteElo "1937"]
[BlackElo "2138"]
[PlyCount "143"]
[EventDate "2016.08.18"]

1. d4 Nf6 2. c4 e6 3. Nc3 Bb4 4. e3 O-O 5. Nge2 Re8 6. a3 Bf8 7. d5 d6 8. Ng3
g6 9. Be2 Bg7 10. O-O exd5 11. cxd5 h5 12. Bf3 c5 13. dxc6 bxc6 14. h3 d5 15.
Qa4 Bb7 16. Rd1 Qe7 17. Nge2 Nbd7 18. Nf4 Ne5 19. Be2 Nfd7 20. Qc2 Nb6 21. Nd3
c5 22. Nxe5 Bxe5 23. Bf3 Rad8 24. Qb3 d4 25. Bxb7 dxc3 26. Bf3 c4 27. Qc2 Rxd1+
28. Bxd1 Qf6 29. bxc3 Bxc3 30. Rb1 Rd8 31. Bf3 Be5 32. a4 c3 33. Rb5 Rc8 34.
Qe4 Bb8 35. Qb7 Qd8 36. a5 Rc7 37. Qe4 Rd7 38. g3 Re7 39. Qb4 c2 40. axb6 Qd1+
41. Kg2 Rd7 42. Qb2 axb6 43. Rxb6 Bxg3 44. Bxd1 cxd1=Q 45. fxg3 Rd8 46. Rb8
Rxb8 47. Qxb8+ Kh7 48. Qb2 Qd5+ 49. Kh2 Qd1 50. Qd2 Qf1 51. Bb2 Qf3 52. Be5 Qf1
53. Qg2 Qb5 54. Bd4 Qb3 55. Qf2 Qc4 56. h4 Kg8 57. Qb2 Kf8 58. Bf6 Qc7 59. Bg5
Ke8 60. Qb5+ Kf8 61. Bh6+ Ke7 62. Qb4+ Kd7 63. Qd2+ Kc8 64. Bf4 Qc4 65. Qg2 Qa4
66. Qb2 Qc4 67. Be5 Qe4 68. Qc3+ Kb7 69. Qc7+ Ka6 70. Bd4 Kb5 71. Qc5+ Ka4 72.
Qc4+ 1-0